Estadísticas para Países en 60 Grados Este

Haz click aquí para intentar la prueba.

Estadísticas generales

  • Esta prueba ha sido intentada 17 veces
  • La puntuación promedio es 17 de 20

Estadísticas de respuestas

gradospaís% Correcto
0.51°Afganistán
100%
4.33°Arabia Saudita
100%
11.43°Irak
100%
Irán
100%
Kazajistán
100%
Uzbekistán
100%
3.62°Emiratos Árabes
Unidos
93%
0.21°Omán
93%
Rusia
93%
5.49°Yemen
93%
8.38°Catar
87%
8.19°India
87%
0.87°Pakistán
87%
9.66°Azerbaiyán
80%
9.18°Baréin
80%
Turkmenistán
80%
9.52°Madagascar
73%
4.06°Seychelles
60%
8.59°Somalia
60%
2.15°Mauricio
53%

Distribución de puntuación

Porcentaje por número respondido

Porcentaje de gente con cada puntuación

Historial de tus puntuaciones

No has intentado esta prueba.